|
|
|
|
| LEADER |
00660cam a2200169 7i4500 |
| 001 |
0000017455 |
| 005 |
20060517090000.0 |
| 090 |
0 |
0 |
|a M 669.142025
|b STE P 669.142025
|b STE
|
| 245 |
0 |
0 |
|a Steel wire industry's directory :
|b 2006 - 2007.
|
| 260 |
0 |
0 |
|a Seri Kembangan,Selangor:
|b SWAM,
|c 2006.
|
| 300 |
# |
# |
|a 120p.
|
| 650 |
0 |
0 |
|a Steel industry and trade --
|x Directories --
|z Malaysia
|
| 650 |
0 |
0 |
|a Iron industry and trade --
|x Directories --
|z Malaysia
|
| 651 |
0 |
0 |
|a Malaysia
|
| 710 |
2 |
1 |
|a Steel Wire Association of Malaysia(SWAM)
|
| 999 |
|
|
|a SRW000014H
|b Directories
|c Malaysia
|e MATRADE Sarawak
|
| 999 |
|
|
|a PNG000471H
|b Directories
|c Malaysia
|e MATRADE Northern Regional Office
|